[Event "Eliminacje_Strefowe_OP_SL_2024_C13"]
[Site "?"]
[Date "2024.09.11"]
[Round "4.2"]
[White "Rajbharath, Harjith"]
[Black "Smolinski, Wojciech"]
[Result "1/2-1/2"]
[BlackElo "1887"]
[WhiteElo "1813"]
[LiveChessVersion "1.4.8"]

1. d4 {[%clk 1:30:35]} Nf6 {[%clk 1:30:29]} 2. Nf3 {[%clk 1:30:50]} g6 3. c4
{[%clk 1:31:08]} Bg7 {[%clk 1:31:09]} 4. Nc3 {[%clk 1:31:30]} d5 {[%clk 1:31:06]}
5. e3 {[%clk 1:31:41]} O-O {[%clk 1:31:17]} 6. cxd5 {[%clk 1:32:06]} Nxd5
{[%clk 1:31:25]} 7. Bc4 {[%clk 1:32:25]} Nxc3 {[%clk 1:31:14]} 8. bxc3
{[%clk 1:32:43]} c5 {[%clk 1:31:24]} 9. O-O {[%clk 1:32:27]} Nc6 {[%clk 1:30:19]}
10. Ba3 {[%clk 1:27:49]} cxd4 {[%clk 1:18:48]} 11. cxd4 {[%clk 1:27:26]} Na5
{[%clk 1:16:28]} 12. Bd3 {[%clk 1:24:57]} Be6 {[%clk 1:03:21]} 13. Qa4
{[%clk 1:13:20]} Bd7 {[%clk 0:59:42]} 14. Qb4 {[%clk 1:02:19]} Nc6
{[%clk 0:52:31]} 15. Qd2 {[%clk 0:55:31]} Bg4 {[%clk 0:40:05]} 16. Be4
{[%clk 0:50:22]} Qd7 {[%clk 0:34:14]} 17. h3 {[%clk 0:43:35]} Bf5
{[%clk 0:28:00]} 18. Bxf5 {[%clk 0:43:19]} Qxf5 {[%clk 0:28:12]} 19. Rab1
{[%clk 0:40:56]} Qd7 {[%clk 0:25:04]} 20. d5 {[%clk 0:37:07]} Ne5
{[%clk 0:24:38]} 21. Nxe5 {[%clk 0:37:13]} Bxe5 {[%clk 0:24:53]} 22. Bb2
{[%clk 0:36:28]} Bxb2 {[%clk 0:21:38]} 23. Qxb2 {[%clk 0:36:00]} Qxd5
{[%clk 0:20:38]} 24. Qb4 b6 25. Qxb6 {[%clk 0:36:20]} Qxa2 {[%clk 0:19:31]} 26.
Qb7 {[%clk 0:36:36]} Qd5 27. Ra1 Qe6 {[%clk 0:19:27]} 28. Rxa7 {[%clk 0:36:57]}
Rxa7 {[%clk 0:19:45]} 29. Qxa7 {[%clk 0:37:24]} Rd8 {[%clk 0:18:34]} 30. Qa5
{[%clk 0:37:16]} Qd5 {[%clk 0:17:53]} 31. Qxd5 {[%clk 0:37:41]} Rxd5
{[%clk 0:18:16]} 32. Rc1 {[%clk 0:38:03]} Rd2 {[%clk 0:18:04]} 33. Kf1
{[%clk 0:38:22]} Kf8 {[%clk 0:18:14]} 1/2-1/2

[Event "Eliminacje_Strefowe_OP_SL_2024_C13"]
[Site "?"]
[Date "2024.09.11"]
[Round "4.3"]
[White "Reterski, Wiktor"]
[Black "Czeremcha, Piotr"]
[Result "0-1"]
[BlackElo "1762"]
[WhiteElo "1621"]
[LiveChessVersion "1.4.8"]

1. e4 {[%clk 1:30:59]} c6 {[%clk 1:30:48]} 2. Nc3 {[%clk 1:31:21]} d5
{[%clk 1:31:09]} 3. Qf3 {[%clk 1:31:45]} dxe4 {[%clk 1:27:46]} 4. Nxe4
{[%clk 1:32:07]} Nd7 {[%clk 1:26:53]} 5. d4 {[%clk 1:32:21]} Ngf6
{[%clk 1:23:50]} 6. Bd3 {[%clk 1:32:42]} Nxe4 {[%clk 1:23:34]} 7. Qxe4
{[%clk 1:33:05]} Nf6 {[%clk 1:20:33]} 8. Qe3 {[%clk 1:33:29]} Bg4
{[%clk 1:13:01]} 9. h3 {[%clk 1:32:32]} Bh5 {[%clk 1:12:25]} 10. c3
{[%clk 1:30:44]} e6 {[%clk 1:07:12]} 11. Qg3 {[%clk 1:26:21]} Bg6
{[%clk 1:06:15]} 12. Bxg6 {[%clk 1:16:41]} hxg6 {[%clk 1:06:34]} 13. Bg5
{[%clk 1:15:33]} Ne4 {[%clk 0:55:42]} 14. Bxd8 {[%clk 1:15:54]} Nxg3
{[%clk 0:56:08]} 15. fxg3 {[%clk 1:16:13]} Rxd8 {[%clk 0:56:31]} 16. Nf3
{[%clk 1:16:28]} c5 {[%clk 0:53:41]} 17. O-O-O {[%clk 1:14:10]} cxd4
{[%clk 0:52:12]} 18. Nxd4 {[%clk 1:12:10]} Bc5 {[%clk 0:50:13]} 19. Nf3
{[%clk 1:10:39]} Ke7 {[%clk 0:49:19]} 20. Rhf1 {[%clk 1:07:22]} Rxd1+
{[%clk 0:41:52]} 21. Rxd1 {[%clk 1:05:54]} Rd8 {[%clk 0:41:24]} 22. Rxd8
{[%clk 1:06:02]} Kxd8 {[%clk 0:41:45]} 23. Kd2 {[%clk 1:06:30]} f6
{[%clk 0:40:39]} 24. Kd3 {[%clk 1:06:04]} Kd7 {[%clk 0:40:19]} 25. g4
{[%clk 1:05:13]} e5 {[%clk 0:34:03]} 26. Kc4 {[%clk 0:58:45]} Kc6
{[%clk 0:31:08]} 27. b4 {[%clk 0:48:04]} b5+ {[%clk 0:31:00]} 28. Kd3
{[%clk 0:48:20]} Bf2 {[%clk 0:23:55]} 29. Ke4 {[%clk 0:11:25]} Kd6
{[%clk 0:22:20]} 30. Nd2 {[%clk 0:07:53]} Be1 {[%clk 0:19:53]} 31. Kd3
{[%clk 0:08:04]} Kd5 {[%clk 0:11:42]} 32. g5 {[%clk 0:07:33]} f5 {[%clk 0:08:44]}
33. g4 {[%clk 0:07:28]} e4+ {[%clk 0:05:59]} 34. Ke3 {[%clk 0:07:05]} Bh4
{[%clk 0:06:13]} 35. Kf4 {[%clk 0:06:58]} Be1 {[%clk 0:04:13]} 36. Nf1
{[%clk 0:05:59]} Ke6 {[%clk 0:04:18]} 37. gxf5+ {[%clk 0:04:31]} gxf5
{[%clk 0:04:06]} 38. Ne3 {[%clk 0:03:24]} Bd2 {[%clk 0:04:10]} 39. h4
{[%clk 0:03:29]} g6 {[%clk 0:04:23]} 40. c4 {[%clk 0:02:49]} bxc4
{[%clk 0:04:32]} 41. b5 {[%clk 0:03:00]} c3 {[%clk 0:04:55]} 0-1

[Event "Eliminacje_Strefowe_OP_SL_2024_C13"]
[Site "?"]
[Date "2024.09.11"]
[Round "4.4"]
[White "Rozycki, Tymoteusz"]
[Black "Biela, Jan"]
[Result "0-1"]
[BlackElo "1561"]
[WhiteElo "1457"]
[LiveChessVersion "1.4.8"]

1. e4 {[%clk 1:30:59]} c5 {[%clk 1:29:46]} 2. Nc3 {[%clk 1:31:19]} Nc6
{[%clk 1:30:07]} 3. Bc4 {[%clk 1:31:44]} e6 {[%clk 1:30:19]} 4. f4
{[%clk 1:31:58]} Nge7 {[%clk 1:29:59]} 5. Nf3 {[%clk 1:31:21]} d5
{[%clk 1:30:07]} 6. exd5 {[%clk 1:31:07]} Nxd5 {[%clk 1:28:56]} 7. Nxd5
{[%clk 1:29:30]} exd5 {[%clk 1:29:18]} 8. Bb5 {[%clk 1:27:14]} Qc7
{[%clk 1:26:20]} 9. Bxc6+ {[%clk 1:24:37]} bxc6 {[%clk 1:26:28]} 10. Qe2+
{[%clk 1:24:02]} Be7 {[%clk 1:25:43]} 11. d3 {[%clk 1:23:41]} O-O
{[%clk 1:25:26]} 12. O-O {[%clk 1:23:43]} Bf6 {[%clk 1:23:27]} 13. Qf2
{[%clk 1:20:06]} Qb6 {[%clk 1:12:55]} 14. c3 {[%clk 1:15:11]} d4 {[%clk 1:11:31]}
15. c4 {[%clk 1:11:32]} Bf5 {[%clk 1:09:50]} 16. Rd1 {[%clk 1:10:21]} Bg4
{[%clk 1:08:15]} 17. h3 {[%clk 1:09:26]} Bxf3 {[%clk 1:08:10]} 18. Qxf3
{[%clk 1:09:42]} Rfe8 {[%clk 1:07:52]} 19. Qf2 {[%clk 1:04:02]} Re7
{[%clk 0:57:48]} 20. Re1 {[%clk 1:02:12]} Rae8 {[%clk 0:58:09]} 21. Rxe7
{[%clk 1:02:34]} Rxe7 {[%clk 0:58:37]} 22. g4 {[%clk 0:59:02]} h6
{[%clk 0:49:17]} 23. h4 {[%clk 0:55:11]} g6 {[%clk 0:47:23]} 24. g5
{[%clk 0:45:34]} hxg5 {[%clk 0:45:34]} 25. hxg5 {[%clk 0:45:38]} Bg7
{[%clk 0:45:41]} 26. a3 {[%clk 0:41:33]} Qb3 {[%clk 0:45:17]} 27. Qf1
{[%clk 0:40:27]} Qc2 {[%clk 0:40:59]} 28. a4 {[%clk 0:37:44]} Rb7
{[%clk 0:31:37]} 29. Ra3 {[%clk 0:35:35]} Rb3 {[%clk 0:31:00]} 30. Rxb3
{[%clk 0:35:28]} Qxb3 {[%clk 0:31:28]} 31. a5 {[%clk 0:35:30]} Qb4
{[%clk 0:31:27]} 32. a6 {[%clk 0:34:58]} Qa5 {[%clk 0:31:30]} 33. Qe2
{[%clk 0:35:00]} Qxa6 {[%clk 0:31:13]} 34. Qe8+ {[%clk 0:35:24]} Bf8
{[%clk 0:30:34]} 35. f5 {[%clk 0:35:09]} Qa1 {[%clk 0:29:42]} 36. Qe1
{[%clk 0:35:20]} gxf5 {[%clk 0:24:52]} 37. g6 {[%clk 0:34:25]} fxg6
{[%clk 0:23:57]} 38. Qe6+ {[%clk 0:32:42]} Kh7 {[%clk 0:23:42]} 39. Qe1
{[%clk 0:32:19]} Qb1 {[%clk 0:15:35]} 40. Qh4+ {[%clk 0:31:50]} Kg8
{[%clk 0:15:20]} 41. Qg5 {[%clk 0:32:09]} Kf7 {[%clk 0:13:57]} 42. Qd2
{[%clk 0:31:59]} Qa1 {[%clk 0:13:43]} 43. Qf4 {[%clk 0:32:09]} Qa5
{[%clk 0:12:06]} 44. Qe5 {[%clk 0:32:20]} 0-1

[Event "Eliminacje_Strefowe_OP_SL_2024_C13"]
[Site "?"]
[Date "2024.09.11"]
[Round "4.5"]
[White "Zaglowek, Blazej"]
[Black "Plowy, Karol"]
[Result "1/2-1/2"]
[BlackElo "1638"]
[WhiteElo "1499"]
[LiveChessVersion "1.4.8"]

1. e4 {[%clk 1:30:53]} c5 {[%clk 1:30:53]} 2. Nf3 {[%clk 1:31:16]} d6
{[%clk 1:31:18]} 3. d4 {[%clk 1:31:40]} cxd4 {[%clk 1:31:42]} 4. Nxd4
{[%clk 1:32:03]} Nf6 {[%clk 1:32:06]} 5. Nc3 {[%clk 1:32:26]} a6 {[%clk 1:32:25]}
6. f4 {[%clk 1:32:45]} e6 {[%clk 1:25:34]} 7. Bd3 {[%clk 1:29:08]} Be7
{[%clk 1:19:13]} 8. O-O {[%clk 1:23:42]} b5 {[%clk 1:00:14]} 9. Kh1
{[%clk 1:20:51]} O-O {[%clk 0:42:29]} 10. Rf3 {[%clk 0:57:12]} Bb7
{[%clk 0:28:09]} 11. Rh3 {[%clk 0:49:17]} b4 {[%clk 0:16:56]} 12. e5
{[%clk 0:42:15]} Re8 {[%clk 0:04:24]} 13. exf6 {[%clk 0:31:16]} Bxf6
{[%clk 0:04:11]} 14. Nce2 {[%clk 0:22:47]} e5 {[%clk 0:03:30]} 15. Nf5
{[%clk 0:19:39]} Qd7 {[%clk 0:01:34]} 16. Nxd6 {[%clk 0:12:19]} Qxh3
{[%clk 0:01:01]} 17. Nxb7 {[%clk 0:12:39]} Qd7 {[%clk 0:01:03]} 18. Nc5
{[%clk 0:11:56]} Qc7 {[%clk 0:00:58]} 19. Ne4 {[%clk 0:11:19]} Nd7
{[%clk 0:00:55]} 20. Nxf6+ {[%clk 0:11:07]} Nxf6 {[%clk 0:01:22]} 21. fxe5
{[%clk 0:06:03]} Ng4 {[%clk 0:01:20]} 22. Qf1 {[%clk 0:05:17]} Qxe5
{[%clk 0:01:22]} 23. g3 {[%clk 0:02:40]} Qd5+ {[%clk 0:01:41]} 24. Kg1
{[%clk 0:02:44]} Qc5+ {[%clk 0:01:40]} 25. Kg2 {[%clk 0:02:14]} Qd5+
{[%clk 0:00:42]} 26. Qf3 {[%clk 0:01:39]} Qxf3+ {[%clk 0:00:46]} 27. Kxf3
{[%clk 0:01:59]} Nxh2+ {[%clk 0:00:54]} 28. Kf4 {[%clk 0:01:30]} h5
{[%clk 0:00:53]} 29. Bd2 {[%clk 0:01:25]} a5 {[%clk 0:00:47]} 30. Rh1
{[%clk 0:00:57]} Ng4 {[%clk 0:01:01]} 31. Rxh5 {[%clk 0:00:45]} Nf6
{[%clk 0:00:50]} 32. Rf5 {[%clk 0:00:44]} Rad8 {[%clk 0:00:53]} 33. Rg5
{[%clk 0:00:32]} Rxd3 {[%clk 0:00:53]} 34. cxd3 {[%clk 0:00:52]} Rxe2
{[%clk 0:01:14]} 35. Bc1 {[%clk 0:00:51]} Rc2 {[%clk 0:00:59]} 36. Be3
{[%clk 0:00:54]} 1/2-1/2

[Event "Eliminacje_Strefowe_OP_SL_2024_C13"]
[Site "?"]
[Date "2024.09.11"]
[Round "4.6"]
[White "Dudek, Bartlomiej"]
[Black "Musial, Bartosz"]
[Result "1-0"]
[BlackElo "1508"]
[WhiteElo "1558"]
[LiveChessVersion "1.4.8"]

1. e4 {[%clk 1:30:48]} c5 {[%clk 1:30:58]} 2. c3 {[%clk 1:30:55]} Nf6
{[%clk 1:31:25]} 3. e5 {[%clk 1:31:09]} Nd5 {[%clk 1:31:53]} 4. d4
{[%clk 1:31:10]} cxd4 {[%clk 1:32:18]} 5. cxd4 {[%clk 1:29:57]} d6
{[%clk 1:32:17]} 6. Bc4 {[%clk 1:24:40]} e6 {[%clk 1:32:08]} 7. Nf3
{[%clk 1:24:02]} Nc6 {[%clk 1:32:00]} 8. O-O {[%clk 1:23:04]} Nb6
{[%clk 1:31:30]} 9. Bb3 {[%clk 1:22:52]} Qc7 {[%clk 1:30:28]} 10. Re1
{[%clk 1:20:33]} Be7 {[%clk 1:30:24]} 11. Nc3 {[%clk 1:18:56]} O-O
{[%clk 1:27:52]} 12. Bc2 {[%clk 1:15:19]} Rd8 {[%clk 1:19:33]} 13. Nb5
{[%clk 1:13:05]} Qd7 {[%clk 1:18:42]} 14. exd6 {[%clk 1:12:23]} Bxd6
{[%clk 1:19:04]} 15. Nxd6 {[%clk 0:52:08]} Qxd6 {[%clk 1:19:15]} 16. Bxh7+
{[%clk 0:52:11]} Kxh7 {[%clk 1:15:59]} 17. Ng5+ {[%clk 0:52:17]} Kg8
{[%clk 1:16:22]} 18. Qh5 {[%clk 0:51:57]} Qc7 {[%clk 1:15:32]} 19. Qh7+
{[%clk 0:50:34]} Kf8 {[%clk 1:15:49]} 20. Qh8+ {[%clk 0:50:34]} Ke7
{[%clk 1:16:10]} 21. Qxg7 {[%clk 0:50:25]} Rf8 {[%clk 1:16:17]} 22. Nh7
{[%clk 0:50:22]} Nd7 {[%clk 1:14:48]} 23. d5 {[%clk 0:48:44]} Nd8
{[%clk 1:14:48]} 24. b3 {[%clk 0:46:28]} Qd6 {[%clk 1:07:08]} 25. Nxf8
{[%clk 0:43:11]} Nxf8 {[%clk 1:07:21]} 26. Bg5+ {[%clk 0:42:35]} Ke8
{[%clk 1:06:34]} 27. Rad1 {[%clk 0:37:42]} Qb6 {[%clk 0:57:38]} 28. Bxd8
{[%clk 0:37:01]} Qxd8 {[%clk 0:54:03]} 29. dxe6 {[%clk 0:36:58]} 1-0

[Event "Eliminacje_Strefowe_OP_SL_2024_C13"]
[Site "?"]
[Date "2024.09.11"]
[Round "4.7"]
[White "Myslowski, Tomasz"]
[Black "Karnowka, Kacper"]
[Result "1-0"]
[BlackElo "1507"]
[WhiteElo "1457"]
[LiveChessVersion "1.4.8"]

1. e4 {[%clk 1:30:58]} e5 {[%clk 1:30:51]} 2. Nf3 {[%clk 1:31:13]} Nc6
{[%clk 1:31:19]} 3. Bb5 {[%clk 1:31:36]} a6 {[%clk 1:31:26]} 4. Ba4
{[%clk 1:31:59]} Nf6 {[%clk 1:31:34]} 5. d3 {[%clk 1:31:59]} b5 {[%clk 1:31:48]}
6. Bb3 {[%clk 1:32:17]} Bc5 {[%clk 1:32:16]} 7. O-O {[%clk 1:31:53]} O-O
{[%clk 1:32:33]} 8. c3 {[%clk 1:31:50]} d6 {[%clk 1:32:46]} 9. Re1
{[%clk 1:31:02]} h6 {[%clk 1:31:55]} 10. Nbd2 {[%clk 1:30:41]} Be6
{[%clk 1:30:51]} 11. Bc2 {[%clk 1:30:46]} Ng4 {[%clk 1:30:18]} 12. Re2
{[%clk 1:30:38]} Nxf2 {[%clk 1:29:28]} 13. Rxf2 {[%clk 1:30:44]} Bxf2+
{[%clk 1:29:53]} 14. Kxf2 {[%clk 1:31:08]} h5 {[%clk 1:29:19]} 15. Nf1
{[%clk 1:29:04]} h4 {[%clk 1:28:27]} 16. Bg5 {[%clk 1:27:55]} f6 {[%clk 1:28:44]}
17. Bxh4 {[%clk 1:27:53]} g5 {[%clk 1:29:01]} 18. Bg3 {[%clk 1:27:52]} g4
{[%clk 1:29:10]} 19. N3d2 {[%clk 1:27:00]} f5 {[%clk 1:28:58]} 20. exf5
{[%clk 1:26:05]} Rxf5+ {[%clk 1:28:54]} 21. Kg1 {[%clk 1:25:49]} Qg5
{[%clk 1:25:17]} 22. d4 {[%clk 1:21:54]} Rf6 {[%clk 1:24:15]} 23. Ne4
{[%clk 1:20:56]} Rxf1+ {[%clk 1:20:11]} 24. Qxf1 {[%clk 1:19:19]} Qe7
{[%clk 1:17:52]} 25. d5 {[%clk 1:17:49]} Bxd5 {[%clk 1:16:42]} 26. Nf6+ 1-0

[Event "Eliminacje_Strefowe_OP_SL_2024_C13"]
[Site "?"]
[Date "2024.09.11"]
[Round "4.8"]
[White "Furas, Piotr"]
[Black "Pawleta, Mateusz"]
[Result "0-1"]
[BlackElo "1767"]
[WhiteElo "1406"]
[LiveChessVersion "1.4.8"]

1. e4 {[%clk 1:30:59]} c5 {[%clk 1:30:56]} 2. c3 {[%clk 1:31:23]} d5
{[%clk 1:31:19]} 3. exd5 {[%clk 1:31:46]} Qxd5 {[%clk 1:31:42]} 4. d4
{[%clk 1:32:05]} Nc6 {[%clk 1:31:59]} 5. Nf3 {[%clk 1:32:11]} e6 {[%clk 1:32:00]}
6. Na3 {[%clk 1:32:01]} Nf6 {[%clk 1:31:55]} 7. Be3 {[%clk 1:31:54]} cxd4
{[%clk 1:28:30]} 8. Nb5 {[%clk 1:32:04]} Qd8 {[%clk 1:28:35]} 9. Nbxd4
{[%clk 1:31:46]} Nxd4 {[%clk 1:17:50]} 10. Nxd4 {[%clk 1:31:30]} a6
{[%clk 1:14:33]} 11. Be2 {[%clk 1:28:40]} Be7 {[%clk 1:12:33]} 12. Qc2
{[%clk 1:25:59]} Qc7 {[%clk 1:07:44]} 13. Rd1 {[%clk 1:23:06]} b5
{[%clk 1:05:17]} 14. b4 {[%clk 1:22:14]} Bb7 {[%clk 0:41:28]} 15. Bf3
{[%clk 1:16:24]} Bxf3 {[%clk 0:41:33]} 16. Nxf3 {[%clk 1:16:41]} Bxb4
{[%clk 0:40:43]} 17. Bd4 {[%clk 1:16:22]} Be7 {[%clk 0:40:46]} 18. O-O
{[%clk 1:16:19]} O-O {[%clk 0:40:55]} 19. Rfe1 {[%clk 1:15:14]} h6
{[%clk 0:40:11]} 20. h3 {[%clk 1:15:29]} Rac8 {[%clk 0:39:48]} 21. Qb3
{[%clk 1:14:51]} Rfd8 {[%clk 0:35:15]} 22. Be5 {[%clk 1:13:40]} Qa5
{[%clk 0:32:15]} 23. Rxd8+ {[%clk 1:11:07]} Bxd8 {[%clk 0:31:22]} 24. Rc1
{[%clk 1:11:09]} Be7 {[%clk 0:26:31]} 25. Nd4 {[%clk 1:11:19]} Ne4
{[%clk 0:25:13]} 26. Nxe6 {[%clk 1:10:30]} Rc4 {[%clk 0:23:12]} 27. Nf4
{[%clk 1:09:37]} Bg5 {[%clk 0:21:05]} 28. g3 {[%clk 1:09:21]} Qb6
{[%clk 0:16:49]} 29. Rc2 {[%clk 1:08:57]} Qc6 {[%clk 0:13:45]} 30. Nd3
{[%clk 1:07:06]} Nd2 {[%clk 0:13:04]} 31. Nb4 {[%clk 1:06:18]} Qe4
{[%clk 0:11:39]} 32. Qb2 {[%clk 1:06:14]} Qe1+ {[%clk 0:11:28]} 33. Kg2
{[%clk 1:06:32]} Qf1+ {[%clk 0:11:51]} 0-1

[Event "Eliminacje_Strefowe_OP_SL_2024_C13"]
[Site "?"]
[Date "2024.09.11"]
[Round "4.10"]
[White "Furas, Pawel"]
[Black "Kowalik, Igor"]
[Result "1-0"]
[BlackElo "1501"]
[WhiteElo "1470"]
[LiveChessVersion "1.4.8"]

1. e4 {[%clk 1:30:56]} c5 {[%clk 1:30:54]} 2. c3 {[%clk 1:31:21]} Nf6
{[%clk 1:31:16]} 3. e5 {[%clk 1:31:37]} Nd5 {[%clk 1:31:27]} 4. d4
{[%clk 1:31:25]} cxd4 {[%clk 1:31:43]} 5. cxd4 {[%clk 1:31:17]} Nc6
{[%clk 1:31:34]} 6. Bc4 {[%clk 1:29:02]} Nb6 {[%clk 1:30:41]} 7. Bb3
{[%clk 1:29:16]} d6 {[%clk 1:29:43]} 8. Nf3 {[%clk 1:27:17]} dxe5
{[%clk 1:23:32]} 9. d5 {[%clk 1:24:44]} Na5 {[%clk 1:20:10]} 10. Nc3
{[%clk 1:22:59]} Bg4 {[%clk 1:16:55]} 11. Ba4+ {[%clk 1:21:45]} Nxa4
{[%clk 1:14:32]} 12. Qxa4+ {[%clk 1:21:43]} Bd7 {[%clk 1:14:51]} 13. Qe4
{[%clk 1:19:41]} b6 {[%clk 1:07:55]} 14. Nxe5 {[%clk 1:15:53]} Nb7
{[%clk 1:06:35]} 15. Nc6 {[%clk 1:11:49]} Qc7 {[%clk 1:02:28]} 16. Nb5
{[%clk 1:09:48]} Qc8 {[%clk 1:01:54]} 17. Bf4 {[%clk 1:05:58]} Bxc6
{[%clk 0:59:57]} 18. dxc6 {[%clk 1:03:12]} Nc5 {[%clk 0:57:54]} 19. Qd5
{[%clk 1:00:18]} Ne6 {[%clk 0:56:01]} 20. Bg3 {[%clk 0:57:51]} a6
{[%clk 0:53:44]} 21. c7 {[%clk 0:54:46]} axb5 {[%clk 0:51:30]} 22. Qc6+
{[%clk 0:55:06]} Qd7 {[%clk 0:51:30]} 23. Qxa8+ {[%clk 0:55:28]} Nd8
{[%clk 0:50:40]} 24. Rd1 {[%clk 0:52:42]} Qe6+ {[%clk 0:50:13]} 25. Kf1
{[%clk 0:52:49]} Qc4+ {[%clk 0:50:22]} 26. Kg1 1-0

[Event "Eliminacje_Strefowe_OP_SL_2024_C13"]
[Site "?"]
[Date "2024.09.11"]
[Round "4.11"]
[White "Kieca, Szymon"]
[Black "Klepacz, Jakub"]
[Result "1/2-1/2"]
[BlackElo "1496"]
[WhiteElo "1436"]
[LiveChessVersion "1.4.8"]

1. c4 {[%clk 1:30:58]} e5 {[%clk 1:30:57]} 2. e3 {[%clk 1:31:19]} Nc6
{[%clk 1:31:21]} 3. a3 {[%clk 1:31:33]} a5 {[%clk 1:31:11]} 4. b3
{[%clk 1:31:20]} g6 {[%clk 1:30:49]} 5. Bb2 {[%clk 1:31:30]} Bg7 {[%clk 1:31:12]}
6. d3 {[%clk 1:31:29]} d6 {[%clk 1:30:53]} 7. Be2 {[%clk 1:31:39]} Nge7
{[%clk 1:30:39]} 8. Qc2 {[%clk 1:31:20]} O-O {[%clk 1:29:45]} 9. Nd2
{[%clk 1:31:02]} d5 {[%clk 1:26:42]} 10. cxd5 {[%clk 1:26:51]} Nxd5
{[%clk 1:27:02]} 11. Ngf3 {[%clk 1:25:21]} Re8 {[%clk 1:24:25]} 12. O-O
{[%clk 1:25:03]} Nb6 {[%clk 1:10:13]} 13. Rac1 {[%clk 1:22:11]} Be6
{[%clk 1:08:26]} 14. Ne4 {[%clk 1:16:48]} Nd7 {[%clk 1:02:51]} 15. Rfd1
{[%clk 1:12:42]} Bf5 {[%clk 1:00:24]} 16. Ned2 {[%clk 1:08:57]} Rc8
{[%clk 0:58:28]} 17. Qb1 {[%clk 1:00:45]} Qe7 {[%clk 0:57:14]} 18. Qa1
{[%clk 0:57:19]} Nc5 {[%clk 0:53:20]} 19. Qb1 {[%clk 0:52:01]} Red8
{[%clk 0:51:43]} 20. e4 {[%clk 0:48:51]} Be6 {[%clk 0:50:01]} 21. Qc2
{[%clk 0:48:12]} b6 {[%clk 0:47:09]} 22. Qc3 {[%clk 0:44:23]} f6 {[%clk 0:44:59]}
23. Rb1 {[%clk 0:43:21]} Qd7 {[%clk 0:43:40]} 24. Rdc1 {[%clk 0:41:01]} Nd4
{[%clk 0:38:59]} 25. Nxd4 {[%clk 0:37:32]} exd4 {[%clk 0:39:21]} 26. Qc2
{[%clk 0:37:00]} Qb5 {[%clk 0:37:33]} 27. Ba1 {[%clk 0:34:10]} Bh6
{[%clk 0:34:00]} 28. h3 {[%clk 0:30:43]} Bxd2 {[%clk 0:32:47]} 29. Qxd2
{[%clk 0:30:31]} Nxb3 {[%clk 0:32:08]} 30. Qb2 {[%clk 0:24:50]} Qg5
{[%clk 0:28:16]} 31. Bg4 {[%clk 0:23:25]} f5 {[%clk 0:27:34]} 32. exf5
{[%clk 0:22:35]} Nxc1 {[%clk 0:26:27]} 33. fxe6 {[%clk 0:22:31]} Nxd3
{[%clk 0:25:57]} 34. Qa2 {[%clk 0:16:12]} Qe7 {[%clk 0:25:51]} 35. Qd2
{[%clk 0:14:55]} Ne5 {[%clk 0:24:57]} 36. Qf4 {[%clk 0:13:58]} Nxg4
{[%clk 0:24:11]} 37. Qxg4 {[%clk 0:14:12]} Rd6 {[%clk 0:23:43]} 38. Re1
{[%clk 0:12:42]} Re8 {[%clk 0:23:33]} 39. Bxd4 {[%clk 0:11:56]} Rxe6
{[%clk 0:23:33]} 40. Rxe6 {[%clk 0:09:03]} Qxe6 {[%clk 0:23:52]} 41. Qg3
{[%clk 0:08:51]} Qd5 {[%clk 0:19:37]} 42. Be3 {[%clk 0:07:32]} c5
{[%clk 0:17:05]} 43. Qc7 {[%clk 0:07:11]} Qd8 {[%clk 0:16:37]} 44. Qc6
{[%clk 0:07:09]} Kg7 {[%clk 0:10:56]} 45. Qb5 {[%clk 0:06:25]} Qf6
{[%clk 0:10:14]} 46. Qxe8 {[%clk 0:06:37]} Qd6 {[%clk 0:10:08]} 47. Qa4
{[%clk 0:06:38]} Qc7 {[%clk 0:10:11]} 48. Qb3 {[%clk 0:06:33]} Kf6
{[%clk 0:09:54]} 49. Qc3+ {[%clk 0:06:45]} Ke6 {[%clk 0:08:59]} 50. Qc4+
{[%clk 0:07:01]} Kf6 {[%clk 0:08:04]} 51. Kf1 {[%clk 0:06:19]} Qe5
{[%clk 0:08:04]} 52. Qf4+ {[%clk 0:06:30]} Ke6 {[%clk 0:08:11]} 53. Qxe5+
{[%clk 0:06:04]} Kxe5 {[%clk 0:08:34]} 54. Ke2 {[%clk 0:06:28]} Kd5
{[%clk 0:08:58]} 55. Kd3 {[%clk 0:06:45]} b5 {[%clk 0:09:16]} 56. g4
{[%clk 0:06:43]} b4 {[%clk 0:09:30]} 57. axb4 {[%clk 0:06:54]} axb4
{[%clk 0:09:51]} 58. f4 {[%clk 0:06:30]} c4+ {[%clk 0:09:43]} 59. Kc2
{[%clk 0:06:51]} Ke4 {[%clk 0:10:02]} 60. Bc1 {[%clk 0:05:56]} h6
{[%clk 0:09:33]} 61. g5 {[%clk 0:05:45]} hxg5 {[%clk 0:08:59]} 1/2-1/2

[Event "Eliminacje_Strefowe_OP_SL_2024_C13"]
[Site "?"]
[Date "2024.09.12"]
[Round "5.1"]
[White "Czeremcha, Piotr"]
[Black "Staniczek, Kacper"]
[Result "0-1"]
[BlackElo "1897"]
[WhiteElo "1762"]
[LiveChessVersion "1.4.8"]

1. d4 {[%clk 1:30:59]} d5 {[%clk 1:30:53]} 2. c4 {[%clk 1:31:25]} e6
{[%clk 1:30:50]} 3. Nc3 {[%clk 1:31:49]} c5 {[%clk 1:31:17]} 4. cxd5
{[%clk 1:32:07]} exd5 {[%clk 1:31:36]} 5. Nf3 {[%clk 1:32:28]} Nc6
{[%clk 1:31:54]} 6. g3 {[%clk 1:32:42]} Nf6 {[%clk 1:32:08]} 7. Bg2
{[%clk 1:32:57]} Be7 {[%clk 1:32:10]} 8. O-O {[%clk 1:33:10]} O-O
{[%clk 1:32:37]} 9. dxc5 {[%clk 1:28:01]} Bxc5 {[%clk 1:30:55]} 10. Bg5
{[%clk 1:27:48]} Be6 {[%clk 1:26:08]} 11. Rc1 {[%clk 1:23:14]} Be7
{[%clk 1:22:32]} 12. e3 {[%clk 1:09:09]} h6 {[%clk 1:13:07]} 13. Bxf6
{[%clk 1:05:32]} Bxf6 {[%clk 1:12:22]} 14. Qd2 {[%clk 1:01:55]} Qa5
{[%clk 1:08:56]} 15. a3 {[%clk 0:56:41]} Rfd8 {[%clk 1:06:34]} 16. Nd4
{[%clk 0:51:22]} Nxd4 {[%clk 1:04:54]} 17. exd4 {[%clk 0:51:47]} Rac8
{[%clk 1:04:19]} 18. Rfe1 {[%clk 0:40:36]} Rc4 {[%clk 0:58:14]} 19. Bf1
{[%clk 0:38:27]} Rxd4 {[%clk 0:56:02]} 20. Qc2 {[%clk 0:34:03]} Rc8
{[%clk 0:45:11]} 21. Qb1 {[%clk 0:33:05]} Rd2 {[%clk 0:44:04]} 22. Rxe6
{[%clk 0:29:37]} fxe6 {[%clk 0:40:42]} 23. Nxd5 {[%clk 0:29:46]} Rxc1
{[%clk 0:39:44]} 24. Nxf6+ {[%clk 0:30:12]} gxf6 {[%clk 0:36:00]} 25. Qxc1
{[%clk 0:29:52]} Qd5 {[%clk 0:35:31]} 26. Qc3 {[%clk 0:25:44]} Kg7
{[%clk 0:33:05]} 27. Qc7+ {[%clk 0:25:19]} Qd7 {[%clk 0:31:52]} 28. Qc3
{[%clk 0:23:27]} Qd4 {[%clk 0:30:31]} 29. Qf3 {[%clk 0:23:38]} Rxb2
{[%clk 0:29:33]} 30. h4 {[%clk 0:22:50]} Rb1 {[%clk 0:28:19]} 31. Kh2
{[%clk 0:21:08]} Rxf1 {[%clk 0:23:31]} 32. Qxb7+ {[%clk 0:21:30]} Kf8
{[%clk 0:23:52]} 33. Qc8+ {[%clk 0:20:47]} Ke7 {[%clk 0:24:08]} 34. Qc7+
{[%clk 0:21:01]} Qd7 {[%clk 0:24:14]} 35. Qc5+ {[%clk 0:21:23]} Kf7
{[%clk 0:22:19]} 36. Qh5+ {[%clk 0:21:38]} Kg7 {[%clk 0:22:06]} 37. Qg4+
{[%clk 0:21:23]} Kh7 {[%clk 0:20:56]} 38. h5 {[%clk 0:21:06]} Qf7
{[%clk 0:18:28]} 39. Kg2 {[%clk 0:20:44]} Re1 {[%clk 0:18:28]} 40. Qb4
{[%clk 0:20:46]} Re5 {[%clk 0:18:09]} 41. Qb1+ {[%clk 0:20:52]} f5
{[%clk 0:18:24]} 42. g4 {[%clk 0:20:56]} Qg7 {[%clk 0:17:28]} 43. f3
{[%clk 0:21:19]} Re2+ {[%clk 0:17:20]} 44. Kh3 {[%clk 0:20:41]} Qc7
{[%clk 0:16:54]} 45. Qg1 {[%clk 0:20:37]} fxg4+ {[%clk 0:16:26]} 46. fxg4
{[%clk 0:20:53]} Qc3+ {[%clk 0:16:38]} 47. Kh4 {[%clk 0:21:17]} Qe1+
{[%clk 0:17:04]} 0-1